00524 2200193 4500001002100000005001500021035002000036245007600056100001700132250000600149300003400155700001800189260004400207082001000251084001600261020001800277650001800295990001700313INLIS00000000000078520190227123801 a0010-02190000961 aAneka Masakan Nasi dan Bubur /cIr. Zumrotun; Ilustrator, Wahyu Handoko0 aIr. Zumrotun a- ax, 44 hlm. :bilus. ;c21 cm.0 aWahyu Handoko aJakarta :bPT Musi Perkasa Utama,c2005 a640.4 a640.4 ZUM a a979-651-286-6 aResep Masakan a02818/H/2018